Central Library OPAC University of Rajshahi

Savage Sudan : (Record no. 67967)

MARC details
000 -LEADER
fixed length control field 00828nam a2200265 a 4500
001 - CONTROL NUMBER
control field 67967
003 - CONTROL NUMBER IDENTIFIER
rucl marc code BD-RjUL
005 - DATE AND TIME OF LATEST TRANSACTION
control field 20211209081721.0
008 - FIXED-LENGTH DATA ELEMENTS--GENERAL INFORMATION
fixed length control field 170329s1921 enka 000 0 eng d
035 ## - SYSTEM CONTROL NUMBER
System control number (BD-RjUL)68176
System control number (OCoLC)2851132
040 ## - CATALOGING SOURCE
Original cataloging agency DLC
Transcribing agency InU
Modifying agency OCoLC
-- DLC
-- BD-RjUL
Language of cataloging eng
041 ## - LANGUAGE CODE
Language code of text/sound track or separate title eng
082 00 - DEWEY DECIMAL CLASSIFICATION NUMBER
Classification number 799.29624
Edition number 23
Author mark and year CHS 1921
100 1# - MAIN ENTRY--PERSONAL NAME
Personal name Chapman, Abel.
Dates associated with a name 1851-1929.
9 (RLIN) 201454
245 10 - TITLE STATEMENT
Title Savage Sudan :
Remainder of title its wild tribes, big-game and bird-life /
Statement of responsibility, etc. by Abel Chapman.
260 ## - PUBLICATION, DISTRIBUTION, ETC. (IMPRINT)
Place of publication, distribution, etc. London ;
-- NEW YORK :
Name of publisher, distributor, etc. Gurney and Jackson,
Date of publication, distribution, etc. 1921.
300 ## - PHYSICAL DESCRIPTION
Pagination xx, 452 p. :
Illustrations ill. ;
Size 24 cm.
500 ## - GENERAL NOTE
General note Includes index
650 #0 - SUBJECT ADDED ENTRY--TOPICAL TERM
Topical term or geographic name as entry element Hunting
Geographic subdivision Sudan.
9 (RLIN) 201455
Topical term or geographic name as entry element Natural history
Geographic subdivision Sudan.
9 (RLIN) 201456
651 #0 - SUBJECT ADDED ENTRY--GEOGRAPHIC NAME
Geographic name Sudan
General subdivision Description and travel.
9 (RLIN) 201457
942 ## - ADDED ENTRY ELEMENTS (KOHA)
Source of classification or shelving scheme Dewey Decimal Classification
Koha item type Books
Holdings
Lost status Source of classification or shelving scheme Damaged status Not for loan Collection code Permanent Location Current Location Shelving location Date acquired Source of acquisition Cost, normal purchase price Total Checkouts Full call number Date last seen Copy number Koha item type
  Dewey Decimal Classification   Not For Loan Non-fiction Central Library, University of Rajshahi Central Library, University of Rajshahi Reading Room 09/11/1966 doctor A.I.Qureshi 17.15   799.29624 CHS 1921 29/03/2017 C-1 Books